| 000 | 00858nam a22002297a 4500 | ||
|---|---|---|---|
| 001 | 77772 | ||
| 003 | BD-RjUL | ||
| 005 | 20211209083024.0 | ||
| 008 | 210107s2018 bg ||||| |||| 00| 0 ben d | ||
| 020 | _a9789843442871 | ||
| 035 | _a(BD-RjUL)77998 | ||
| 040 |
_aBD-RjUL _beng _cBD-RjUL |
||
| 041 | _aben | ||
| 082 |
_223 _a930.1095414 _bSAS 2018 |
||
| 100 |
_aসমাদ্দার, রুদ্র প্রসাদ _9243403 |
||
| 245 | 1 | 0 |
_aসমতটের প্রত্নলিপিমালা / _cরুদ্র প্রসাদ সমাদ্দার |
| 300 |
_a২৯২ পৃ.: _bচিত্র; _c২৫ সেমি. |
||
| 650 |
_aপ্রত্নতত্ত্ব _zসমতট (বাংলা) _9243404 |
||
| 650 |
_aArcheology _zSamatat (Bengal) _9243405 |
||
| 650 |
_aBengal (India) _xHistory _9243406 |
||
| 942 |
_2ddc _cBK |
||
| 999 |
_c77772 _d77772 |
||